|
|
|
|
| LEADER |
01040nam a22002652a 4500 |
| 001 |
000758447 |
| 003 |
CZ BrMZK |
| 005 |
20150220140045.0 |
| 007 |
ta |
| 008 |
050106s1920 xr er|||||||||||cze d |
| 015 |
|
|
|a cnb000641698
|
| 040 |
|
|
|a BOA001
|b cze
|
| 100 |
1 |
|
|a Merhout, Cyril,
|d 1881-1955
|7 jk01081284
|4 aut
|
| 245 |
1 |
0 |
|a Jan Amos Komenský /
|c [autor] Cyrill Merhout
|
| 260 |
|
|
|a Praha :
|b Melantrich,
|c 1920
|
| 300 |
|
|
|a 53, 2 s. ;
|c 8°
|
| 490 |
1 |
|
|a Besedy - Lidovýchovná knihovna ;
|v sv. 7
|
| 500 |
|
|
|a Dostupné též v digitální podobě v aplikaci Kramerius
|
| 830 |
|
0 |
|a Besedy - Lidovýchovná knihovna
|
| 856 |
4 |
1 |
|u http://www.digitalniknihovna.cz/mzk/uuid/uuid:50699670-bcbf-11e4-b2e2-005056827e52
|y Digitalizovaný dokument
|x NDK
|
| 910 |
|
|
|a BOA001
|b PK-I-0001.356
|b 1-0046.266,7
|
| 990 |
|
|
|a BK
|
| 993 |
|
|
|a Y
|
| 996 |
7 |
|
|b 2619815714
|c 1-0046.266,7
|l MZK
|r Sklad / do 1 hodiny
|n 3
|w 000758447
|u 000020
|a 1
|e BOA001
|j MZK50
|s A
|
| 996 |
6 |
|
|b BC-184460
|c PK-I-0001.356
|l MZK
|r Sklad / do 1 hodiny
|n 0
|w 000758447
|u 000010
|a 1
|e BOA001
|j MZK50
|s P
|